000 00376pab a2200145 454500
008 180718b2016 xxu||||| |||| 00| 0 eng d
100 _aGupta, K.N.
245 _aPolice professionalism: emerging new challenges in changing scenario
260 _c2016
300 _ap.66-82.
362 _aApr-Sep
650 _aPolice
773 _aIndian Police Journal
909 _a113868
999 _c113862
_d113862